[Event "X Open A"]
[Site "Montecatini Terme ITA"]
[Date "2004.12.29"]
[Round "5"]
[White "Hautala, Roman"]
[Black "Stojanovic, Mihajlo"]
[Result "0-1"]
[WhiteElo "2175"]
[BlackElo "2504"]
[PlyCount "99"]
[EventDate "2004.12.27"]

1. e4 e6 2. d4 d5 3. Nc3 dxe4 4. Nxe4 Bd7 5. Nf3 Bc6 6. Bd3 Nd7 7. O-O Ngf6 8.
Ng3 Be7 9. b3 O-O 10. Bb2 Bxf3 11. Qxf3 c6 12. Rfe1 Re8 13. Rad1 Bf8 14. c4 g6
15. d5 cxd5 16. cxd5 e5 17. d6 Rb8 18. Ne4 Bg7 19. Bb5 Nxe4 20. Qxe4 a6 21.
Bxd7 Qxd7 22. Qd5 Re6 23. Bxe5 Rbe8 24. f4 Bf8 25. Rf1 Bxd6 26. Rd4 Rd8 27.
Rfd1 Qe7 28. Kf1 Re8 29. Re4 Bxe5 30. Rxe5 Rxe5 31. Qxe5 Qxe5 32. fxe5 Rxe5 33.
Rd7 b5 34. Ra7 Re6 35. a4 bxa4 36. bxa4 Kg7 37. Kf2 g5 38. a5 h5 39. Kf3 Kg6
40. Kf2 f6 41. Kf3 Kf5 42. g3 g4+ 43. Kf2 Ke4 44. Kg2 f5 45. Ra8 Kd4 46. Rh8
Re2+ 47. Kg1 Ra2 48. Rxh5 Rxa5 49. h3 gxh3 50. Kh2 0-1

[Event "X Open A"]
[Site "Montecatini Terme ITA"]
[Date "2004.12.29"]
[Round "5"]
[White "Manole, Vasile"]
[Black "Della Pietra, Andrea"]
[Result "1-0"]
[WhiteElo "2370"]
[BlackElo "2147"]
[PlyCount "91"]
[EventDate "2004.12.27"]

1. e4 e6 2. d4 d5 3. Nc3 Bb4 4. exd5 exd5 5. Bd3 Nc6 6. Nge2 Nge7 7. O-O Bg4 8.
f3 Bf5 9. Bf4 a6 10. Na4 O-O 11. c3 Bd6 12. b4 b6 13. Nb2 Bxf4 14. Nxf4 Qd6 15.
Qd2 a5 16. b5 Na7 17. a4 Rfe8 18. Rfe1 c6 19. Rxe7 Rxe7 20. Bxf5 cxb5 21. Bd3
bxa4 22. Nxa4 b5 23. Nc5 a4 24. Ne2 Rae8 25. Ng3 g6 26. Nf1 Kg7 27. Rb1 Qc6 28.
h4 Qf6 29. Qf2 h5 30. Qg3 Qc6 31. f4 Qd6 32. Qf2 Qf6 33. g3 Qd6 34. Nh2 f5 35.
Nf3 Rb8 36. Ne5 Kh6 37. Kh2 Kg7 38. Kh3 Kh6 39. Qb2 Qd8 40. Nxa4 Qc8 41. Nc5
Rxe5 42. fxe5 f4+ 43. Kg2 f3+ 44. Kh2 Qg4 45. Qd2+ Kh7 46. Qf4 1-0

[Event "X Open A"]
[Site "Montecatini Terme ITA"]
[Date "2004.12.29"]
[Round "5"]
[White "Nardi, Marco"]
[Black "Zucconi, Leandro"]
[Result "0-1"]
[WhiteElo "1964"]
[BlackElo "2155"]
[PlyCount "74"]
[EventDate "2004.12.27"]

1. e4 e6 2. d4 d5 3. Nc3 dxe4 4. Nxe4 Nd7 5. Nf3 Ngf6 6. Nxf6+ Nxf6 7. Bg5 Be7
8. Qd2 Ne4 9. Bxe7 Nxd2 10. Bxd8 Nxf3+ 11. gxf3 Kxd8 12. O-O-O Ke7 13. Bc4 c6
14. Rhg1 Kf6 15. Rge1 b6 16. Re5 Rd8 17. c3 c5 18. Rh5 cxd4 19. Rxh7 Bb7 20.
Rh4 dxc3 21. bxc3 Rxd1+ 22. Kxd1 Bxf3+ 23. Kc2 Ke7 24. Bb3 Rd8 25. Ra4 a5 26.
Rf4 Bc6 27. h4 Bd5 28. Kc1 e5 29. Rg4 g6 30. Bxd5 Rxd5 31. h5 gxh5 32. Rh4 Rd3
33. Rxh5 Rxc3+ 34. Kd2 Rc5 35. Rh6 f6 36. Ke3 Ke6 37. Rh8 Rc3+ 0-1

[Event "X Open A"]
[Site "Montecatini Terme ITA"]
[Date "2004.12.29"]
[Round "5"]
[White "Sabia, Corrado"]
[Black "Bracali, Andrea"]
[Result "0-1"]
[WhiteElo "2171"]
[BlackElo "1799"]
[PlyCount "109"]
[EventDate "2004.12.27"]

1. e4 c6 2. d4 d5 3. exd5 cxd5 4. c4 Nf6 5. Nc3 g6 6. Qb3 Bg7 7. cxd5 O-O 8. g3
Nbd7 9. Bg2 Nb6 10. Nge2 Bf5 11. a4 a5 12. O-O Bd3 13. d6 exd6 14. Qd1 Ba6 15.
Bf4 Nh5 16. Be3 Nc4 17. Bc1 Nb6 18. b3 Re8 19. Be3 d5 20. Re1 Qd7 21. Rc1 Rac8
22. Qd2 Bf8 23. Na2 Qd6 24. Qxa5 Nf6 25. Qd2 Qa3 26. Rxc8 Rxc8 27. Rc1 Qxb3 28.
Rxc8 Nxc8 29. Nec3 Nb6 30. Nc1 Qa3 31. Qc2 Bb4 32. Bd2 Bxc3 33. Bxc3 Nxa4 34.
Bd2 Bc4 35. Bg5 Kg7 36. Qd2 Qe7 37. Nd3 Ne4 38. Bh6+ Kg8 39. Qf4 Nd6 40. Ne5
Nc3 41. Bf3 Ne2+ 42. Bxe2 Bxe2 43. Ng4 Bxg4 44. Qxg4 Qe1+ 45. Kg2 Qe4+ 46. Qf3
Qxf3+ 47. Kxf3 Nf5 48. Bf4 Nxd4+ 49. Ke3 Ne6 50. Be5 Kf8 51. f4 b5 52. h3 Ke7
53. g4 Nc5 54. Kd4 Nd7 55. Kxd5 0-1

[Event "X Open A"]
[Site "Montecatini Terme ITA"]
[Date "2004.12.29"]
[Round "5"]
[White "Stromboli, Carlo"]
[Black "Ramondino, Renzo"]
[Result "0-1"]
[WhiteElo "2119"]
[BlackElo "2235"]
[PlyCount "118"]
[EventDate "2004.12.27"]

1. e4 c5 2. Nf3 d6 3. d4 cxd4 4. Qxd4 a6 5. c4 Nc6 6. Qd3 Nf6 7. Nc3 g6 8. h3
Bg7 9. Be3 Qa5 10. Bd2 O-O 11. Be2 Be6 12. O-O Rfc8 13. Nd5 Qd8 14. Bc3 Nd7 15.
b3 Nc5 16. Qe3 Bxc3 17. Nxc3 Rab8 18. Rac1 Qf8 19. Nd4 Qg7 20. Rfd1 Nxd4 21.
Rxd4 a5 22. Rdd1 Re8 23. f4 f6 24. Nd5 Bxd5 25. Rxd5 Qh6 26. Rc3 b6 27. a3 e5
28. Bf3 Qxf4 29. Qxf4 exf4 30. Rxd6 Kg7 31. b4 Nxe4 32. Bxe4 Rxe4 33. c5 bxc5
34. bxc5 Re2 35. Rb6 Rd8 36. Rd6 Rxd6 37. cxd6 Rd2 38. Rc5 Rxd6 39. Rxa5 Rd2
40. Rc5 Ra2 41. Rc3 g5 42. h4 Kg6 43. hxg5 fxg5 44. g3 fxg3 45. Rxg3 h5 46. Rc3
g4 47. Rb3 Kg5 48. Rc3 Kh4 49. Rb3 g3 50. Rb4+ Kh3 51. Rb1 Rxa3 52. Rc1 h4 53.
Rf1 Kg4 54. Kh1 h3 55. Rb1 Rd3 56. Ra1 Kf3 57. Rf1+ Ke2 58. Rf2+ gxf2 59. Kh2
Kf1 0-1

[Event "X Open A"]
[Site "Montecatini Terme ITA"]
[Date "2004.12.30"]
[Round "6"]
[White "Barberi, Alessandro"]
[Black "Amato, Andrea"]
[Result "0-1"]
[WhiteElo "2161"]
[BlackElo "2061"]
[PlyCount "59"]
[EventDate "2004.12.27"]

1. d4 d5 2. c4 dxc4 3. e4 Nf6 4. Nc3 e5 5. Nf3 exd4 6. Nxd4 Bb4 7. Qa4+ c6 8.
Qxb4 Qxd4 9. Be3 a5 10. Qa3 Qe5 11. f4 Qe6 12. O-O-O b5 13. Qc5 Nbd7 14. Qg5 b4
15. f5 Qe7 16. Na4 O-O 17. e5 Qxe5 18. Bd4 h6 19. Bxe5 hxg5 20. Bd6 Re8 21.
Bxc4 Ne4 22. Rd4 Nxd6 23. Rxd6 Ne5 24. Nb6 Nxc4 25. Nxc4 Bxf5 26. Rxc6 Rec8 27.
Rxc8+ Rxc8 28. b3 Be6 29. Kb2 Bxc4 30. bxc4 {...} 0-1

[Event "X Open A"]
[Site "Montecatini Terme ITA"]
[Date "2004.12.30"]
[Round "6"]
[White "Ferretti, Folco"]
[Black "Stromboli, Carlo"]
[Result "0-1"]
[WhiteElo "2282"]
[BlackElo "2119"]
[PlyCount "100"]
[EventDate "2004.12.27"]

1. e4 e5 2. Nf3 Nc6 3. Bb5 a6 4. Ba4 Nf6 5. O-O b5 6. Bb3 Bc5 7. c3 Bb6 8. d4
d6 9. h3 h6 10. a4 Bb7 11. Re1 O-O 12. axb5 axb5 13. Rxa8 Qxa8 14. Na3 Na5 15.
d5 Nxb3 16. Qxb3 Nxe4 17. Be3 Bxe3 18. Rxe3 Bxd5 19. Qxb5 Rb8 20. Qe2 f5 21.
Nh4 f4 22. Rd3 Nf6 23. Rd1 Qb7 24. Qd3 Be6 25. b4 Qe4 26. Qxe4 Nxe4 27. Rc1 Ng5
28. Nb1 f3 29. Nxf3 Nxf3+ 30. gxf3 Bxh3 31. Nd2 Bf5 32. Ra1 Rb7 33. Nc4 Rb8 34.
Ra7 Rc8 35. Kh2 Be6 36. Na5 Kf7 37. b5 Kf6 38. Kg3 h5 39. Nc6 Bd7 40. Nb4 Bxb5
41. Nd5+ Kg5 42. Ne7 h4+ 43. Kg2 Rf8 44. Rxc7 Be2 45. Nc8 Bxf3+ 46. Kg1 g6 47.
Rc4 Bd5 48. Rc7 h3 49. Nxd6 Kg4 50. Rc5 h2+ 0-1

[Event "X Open A"]
[Site "Montecatini Terme ITA"]
[Date "2004.12.30"]
[Round "6"]
[White "Sabia, Corrado"]
[Black "Della Corte, Alessandro"]
[Result "1/2-1/2"]
[WhiteElo "2171"]
[BlackElo "2144"]
[PlyCount "29"]
[EventDate "2004.12.27"]

1. e4 e5 2. f4 exf4 3. Nf3 d5 4. exd5 Nf6 5. Bc4 Bd6 6. O-O O-O 7. d4 Nbd7 8.
Bb3 b5 9. Nc3 Nb6 10. Nxb5 Nbxd5 11. Ne5 a6 12. Nxd6 cxd6 13. Nd3 Ne3 14. Bxe3
fxe3 15. Qf3 1/2-1/2

[Event "X Open A"]
[Site "Montecatini Terme ITA"]
[Date "2004.12.30"]
[Round "6"]
[White "Stojanovic, Mihajlo"]
[Black "Vezzosi, Paolo"]
[Result "1/2-1/2"]
[WhiteElo "2504"]
[BlackElo "2363"]
[PlyCount "35"]
[EventDate "2004.12.27"]

1. Nf3 d5 2. d4 c6 3. c4 e6 4. Qc2 Nf6 5. Nbd2 Nbd7 6. e4 Nxe4 7. Nxe4 dxe4 8.
Qxe4 Bb4+ 9. Bd2 Bxd2+ 10. Nxd2 Qa5 11. a3 c5 12. O-O-O cxd4 13. Qxd4 O-O 14.
Bd3 Nc5 15. Bc2 e5 16. Qe3 Ne6 17. Nf3 f6 18. h4 1/2-1/2

[Event "X Open A"]
[Site "Montecatini Terme ITA"]
[Date "2004.12.30"]
[Round "6"]
[White "Stromboli, Ettore"]
[Black "Bellani, Alessandro"]
[Result "1-0"]
[WhiteElo "2207"]
[BlackElo "1862"]
[PlyCount "53"]
[EventDate "2004.12.27"]

1. e4 c5 2. Nf3 d6 3. d4 cxd4 4. Nxd4 Nf6 5. f3 g6 6. c4 Bg7 7. Nc3 Qb6 8. Na4
Qc7 9. Be3 O-O 10. Be2 Nc6 11. O-O Bd7 12. Rc1 Rfc8 13. a3 Ne5 14. b4 b6 15.
Qb3 Qb7 16. Nc3 h5 17. Rfd1 Kf8 18. Qa2 Rab8 19. h3 Nc6 20. Ncb5 Nd8 21. Nc3
Ne6 22. Qd2 Nxd4 23. Bxd4 Rc7 24. Bxf6 exf6 25. Qxd6+ Ke8 26. Nd5 Rc6 27. Qe7#
1-0

[Event "II Festival A"]
[Site "Assisi ITA"]
[Date "2004.12.19"]
[Round "2"]
[White "Rombaldoni, Denis"]
[Black "Lazarev, Vladimir"]
[Result "1-0"]
[WhiteElo "2251"]
[BlackElo "2516"]
[PlyCount "147"]
[EventDate "2004.12.18"]

1. d4 c5 2. d5 g6 3. Nf3 Bg7 4. c4 d6 5. Qc2 e6 6. Nc3 Nf6 7. Bg5 h6 8. Bh4
exd5 9. cxd5 a6 10. a4 g5 11. Bg3 Nh5 12. e3 f5 13. Be2 O-O 14. Nd2 Nxg3 15.
hxg3 Qe7 16. O-O Nd7 17. Nc4 Rb8 18. a5 Nf6 19. Bd3 Ng4 20. Nb6 Qf7 21. Be2 Qh5
22. Bxg4 fxg4 23. Nxc8 Rbxc8 24. Ra4 c4 25. Ne4 Qg6 26. Rxc4 Rce8 27. Nd2 Qxc2
28. Rxc2 Rf5 29. e4 Rff8 30. Re1 Rc8 31. Rec1 Rce8 32. Re1 Rc8 33. Nc4 Bd4 34.
b3 Bc5 35. e5 Rce8 36. Ree2 dxe5 37. Rxe5 Bd4 38. Rxe8 Rxe8 39. Kf1 Rd8 40. d6
Bc5 41. Rd2 Kf7 42. Rd5 Bb4 43. Rd4 Ke6 44. Rxg4 Bxd6 45. Nxd6 Rxd6 46. Rb4
Rd1+ 47. Ke2 Ra1 48. Rb6+ Kf5 49. b4 Ra2+ 50. Ke3 h5 51. Rxb7 h4 52. gxh4 gxh4
53. Rf7+ Ke5 54. Kd3 Kd5 55. Rf5+ Kc6 56. Kc4 Rc2+ 57. Kb3 Rd2 58. Rf6+ Kb7 59.
Rf4 Kc6 60. Rxh4 Rxf2 61. Rh6+ Kb7 62. Rg6 Re2 63. g4 Re4 64. g5 Rg4 65. Rb6+
Ka7 66. g6 Rg5 67. Kc4 Rg4+ 68. Kd5 Rg5+ 69. Ke4 Rg1 70. Kf5 Rf1+ 71. Ke6 Rg1
72. Kf7 Rf1+ 73. Rf6 Rc1 74. g7 1-0

[Event "II Festival A"]
[Site "Assisi ITA"]
[Date "2004.12.19"]
[Round "3"]
[White "Mogranzini, Roberto"]
[Black "Bruno, Fabio"]
[Result "1-0"]
[WhiteElo "2243"]
[BlackElo "2368"]
[PlyCount "81"]
[EventDate "2004.12.18"]

1. e4 c5 2. Nc3 Nc6 3. Bb5 g6 4. Bxc6 dxc6 5. d3 Bg7 6. Be3 b6 7. Qd2 e5 8. h3
Be6 9. Nge2 h6 10. O-O-O Nf6 11. f4 Nd7 12. Rhf1 exf4 13. Nxf4 Nf8 14. Rf2 Rb8
15. Rdf1 Rb7 16. Kb1 Rd7 17. Qe1 h5 18. Nce2 Qc7 19. Bd2 Be5 20. Bc3 Rh7 21.
Qd2 Qd6 22. Qe3 h4 23. Bxe5 Qxe5 24. Ng1 Qd4 25. Qc1 Rc7 26. Nf3 Qd8 27. b3 Bc8
28. Qb2 Qe7 29. Ne5 Ne6 30. Nxc6 Rxc6 31. Nd5 Nd4 32. Nxe7 Kxe7 33. Qc1 Be6 34.
Qg5+ Ke8 35. Rf4 Rh5 36. Qf6 Bxb3 37. Qg7 Bxc2+ 38. Kb2 f5 39. exf5 Rxf5 40.
Re4+ Kd8 41. Rfe1 1-0

[Event "II Festival A"]
[Site "Assisi ITA"]
[Date "2004.12.19"]
[Round "3"]
[White "Molina, Fabrizio"]
[Black "Amato, Andrea"]
[Result "0-1"]
[WhiteElo "2257"]
[BlackElo "2061"]
[PlyCount "62"]
[EventDate "2004.12.18"]

1. c4 e5 2. g3 g6 3. Bg2 Bg7 4. Nc3 Nc6 5. d3 d6 6. e4 f5 7. Nge2 Nge7 8. O-O
O-O 9. Nd5 Nxd5 10. cxd5 Ne7 11. Qb3 Kh8 12. Be3 c5 13. dxc6 bxc6 14. Qa3 Be6
15. Rac1 Qd7 16. Bg5 fxe4 17. Bxe7 Qxe7 18. dxe4 Rac8 19. Rfd1 Qf7 20. f3 d5
21. exd5 cxd5 22. Rxc8 Rxc8 23. Nc3 h6 24. Qa5 d4 25. Ne4 Rc2 26. b3 g5 27.
Qd8+ Qf8 28. Qa5 Bf5 29. Qd5 Rxa2 30. Nd6 Bg6 31. Rc1 Rc2 0-1

[Event "II Festival A"]
[Site "Assisi ITA"]
[Date "2004.12.20"]
[Round "4"]
[White "Amato, Andrea"]
[Black "Vuelban, Virgilio"]
[Result "1-0"]
[WhiteElo "2061"]
[BlackElo "2299"]
[PlyCount "69"]
[EventDate "2004.12.18"]

1. e4 c5 2. Nf3 d6 3. d4 cxd4 4. Nxd4 Nf6 5. Nc3 Nc6 6. f4 e6 7. Be2 Be7 8. O-O
O-O 9. Kh1 Qc7 10. Be3 Bd7 11. Bf3 a6 12. Qe1 Na5 13. Rd1 Nc4 14. Bc1 Rac8 15.
Qg3 Ne8 16. Be2 b5 17. e5 b4 18. Bxc4 Qxc4 19. Ne4 d5 20. b3 Qc7 21. Ng5 h6 22.
Nh3 Bc5 23. f5 Bxd4 24. Rxd4 Qxc2 25. f6 Rc3 26. Qh4 Qe2 27. Re1 Rxc1 28. Rxc1
Qxe5 29. fxg7 Nxg7 30. Re1 Qh5 31. Qg3 f6 32. Rh4 Qf7 33. Rxh6 Rc8 34. Rf1 e5
35. Qh4 1-0

[Event "II Festival A"]
[Site "Assisi ITA"]
[Date "2004.12.21"]
[Round "5"]
[White "Mogranzini, Roberto"]
[Black "Rombaldoni, Denis"]
[Result "0-1"]
[WhiteElo "2243"]
[BlackElo "2251"]
[PlyCount "66"]
[EventDate "2004.12.18"]

1. e4 c6 2. d4 d5 3. exd5 cxd5 4. c4 Nf6 5. Nc3 e6 6. Nf3 Bb4 7. Bd2 O-O 8. c5
b6 9. cxb6 Qxb6 10. Be2 Ba6 11. O-O Bxe2 12. Qxe2 Nc6 13. Rfd1 Bxc3 14. bxc3
Na5 15. Rab1 Qc7 16. Ne5 Ne4 17. Be1 Nd6 18. Qa6 Rab8 19. f3 Nac4 20. Nxc4 Nxc4
21. Bg3 Rb6 22. Qa4 Qb7 23. Rxb6 axb6 24. Rb1 h6 25. Qb4 Ra8 26. a4 Qa6 27. Ra1
Rc8 28. h4 Ne3 29. Qb2 Rc4 30. Bf2 Rxa4 31. Rb1 Nc4 32. Qc1 Ra2 33. Bg3 Nd2 0-1

[Event "II Festival A"]
[Site "Assisi ITA"]
[Date "2004.12.21"]
[Round "6"]
[White "Amato, Andrea"]
[Black "Zozulia, Anna"]
[Result "1/2-1/2"]
[WhiteElo "2061"]
[BlackElo "2412"]
[PlyCount "61"]
[EventDate "2004.12.18"]

1. e4 c5 2. c3 d6 3. d4 Nf6 4. dxc5 Nc6 5. Bc4 Nxe4 6. Bxf7+ Kxf7 7. Qd5+ e6 8.
Qxe4 d5 9. Qf4+ Qf6 10. Qc7+ Ke8 11. Nf3 Bxc5 12. Bg5 Qg6 13. b4 Bb6 14. Qd6
Rf8 15. Nbd2 Rf7 16. O-O Bc7 17. Qc5 Bd7 18. b5 b6 19. Qe3 Ne7 20. Bxe7 Rxe7
21. c4 Qh5 22. cxd5 exd5 23. Qd3 Kf8 24. Rfe1 Rae8 25. Rxe7 Rxe7 26. a4 Kg8 27.
Nb3 Re4 28. Nbd4 Qg6 29. Qb3 Qd6 30. Qc3 Bg4 31. h3 1/2-1/2

[Event "II Festival A"]
[Site "Assisi ITA"]
[Date "2004.12.22"]
[Round "7"]
[White "Brancaleoni, Maurizio"]
[Black "Amato, Andrea"]
[Result "1/2-1/2"]
[WhiteElo "2277"]
[BlackElo "2061"]
[PlyCount "59"]
[EventDate "2004.12.18"]

1. Nf3 d5 2. d4 Nf6 3. c4 dxc4 4. e3 e6 5. Bxc4 c5 6. O-O a6 7. b3 b5 8. Be2
Bb7 9. dxc5 Qxd1 10. Rxd1 Bxc5 11. Bb2 Nbd7 12. Nbd2 O-O 13. a4 bxa4 14. Rxa4
Nb6 15. Raa1 Nfd5 16. Ne5 a5 17. Nd3 Be7 18. Bd4 Bf6 19. Bxf6 Nxf6 20. Nc5 Bc6
21. Rdc1 Rfd8 22. Bf3 Bxf3 23. Nxf3 Rdc8 24. Kf1 h6 25. Ke2 a4 26. bxa4 Nxa4
27. Nxa4 Rxc1 28. Rxc1 Rxa4 29. Rc8+ Kh7 30. Ne5 1/2-1/2

[Event "XXV Memorial Edoardo Crespi A"]
[Site "Milano ITA"]
[Date "2004.12.04"]
[Round "1"]
[White "Aranovitch, Emiliano"]
[Black "Dassisti, Alberto"]
[Result "1-0"]
[WhiteElo "2304"]
[BlackElo "2067"]
[PlyCount "77"]
[EventDate "2004.12.04"]

1. e4 e6 2. d4 d5 3. Nc3 Nf6 4. Bg5 Be7 5. e5 Nfd7 6. Bxe7 Qxe7 7. f4 a6 8. Nf3
c5 9. dxc5 Qxc5 10. Qd4 Qxd4 11. Nxd4 Nc6 12. O-O-O Nxd4 13. Rxd4 O-O 14. g3 b5
15. a4 Nc5 16. axb5 axb5 17. Bxb5 Ra1+ 18. Nb1 Ne4 19. Ra4 Rxa4 20. Bxa4 Ba6
21. Rd1 Rc8 22. Rd4 Nc5 23. Nc3 Bc4 24. Kd2 Rb8 25. b3 Bf1 26. Ke1 Ba6 27. b4
Nxa4 28. Nxa4 Bc4 29. c3 Ra8 30. Nb6 Ra1+ 31. Rd1 Rxd1+ 32. Kxd1 Ba6 33. Kd2
Kf8 34. Ke3 Ke7 35. Kd4 Kd8 36. Kc5 Kc7 37. b5 Bb7 38. h4 h5 39. Na4 1-0

[Event "XXV Memorial Edoardo Crespi A"]
[Site "Milano ITA"]
[Date "2004.12.04"]
[Round "1"]
[White "Barlocco, Carlo"]
[Black "Castellano, Fabio Marco"]
[Result "1-0"]
[WhiteElo "2108"]
[BlackElo "1911"]
[PlyCount "111"]
[EventDate "2004.12.04"]

1. d4 Nf6 2. Bg5 g6 3. Bxf6 exf6 4. e3 Bg7 5. g3 d5 6. Bg2 c6 7. Nd2 Be6 8. Ne2
a5 9. O-O O-O 10. Qc1 Na6 11. c4 Rc8 12. Qc3 b5 13. cxb5 cxb5 14. Qb3 Qd7 15.
Rfc1 a4 16. Qa3 Rfe8 17. Rxc8 Rxc8 18. Rc1 Rxc1+ 19. Nxc1 Qc6 20. Qc3 Qxc3 21.
bxc3 b4 22. cxb4 Nxb4 23. Nb1 Bf8 24. Nc3 a3 25. Kf1 g5 26. Ke2 f5 27. Kd2 f4
28. gxf4 gxf4 29. Nd3 fxe3+ 30. fxe3 Kg7 31. h3 Kf6 32. Nf4 Bd6 33. Nfxd5+ Nxd5
34. Bxd5 Bxd5 35. Nxd5+ Kg5 36. e4 Kh4 37. e5 Bf8 38. Nf6 Kxh3 39. Nxh7 Bb4+
40. Kd3 Kg4 41. Ke4 Kh5 42. Kf5 Kh6 43. Nf6 Kg7 44. d5 Kf8 45. d6 Ba5 46. Ke4
Be1 47. Kd5 Bg3 48. Kc4 Bf4 49. Kb3 Bc1 50. Kb4 Bb2 51. Kb5 Bc3 52. Kc6 Bb2 53.
Kb7 Bc3 54. Kc8 Ba5 55. Nd5 f5 56. e6 1-0

[Event "XXV Memorial Edoardo Crespi A"]
[Site "Milano ITA"]
[Date "2004.12.04"]
[Round "1"]
[White "Bernago, Federico"]
[Black "Nannelli, Paolo"]
[Result "1/2-1/2"]
[WhiteElo "1999"]
[BlackElo "2185"]
[PlyCount "53"]
[EventDate "2004.12.04"]

1. e4 d6 2. Nf3 Nf6 3. Nc3 g6 4. d4 Bg7 5. Bc4 O-O 6. h3 Nc6 7. Be3 Nxe4 8.
Nxe4 d5 9. Bd3 dxe4 10. Bxe4 Bd7 11. Qd2 e5 12. dxe5 Nxe5 13. Nxe5 Bxe5 14.
O-O-O Be6 15. Qxd8 Rfxd8 16. Kb1 c6 17. Bf3 Kg7 18. Rxd8 Rxd8 19. Rd1 Rxd1+ 20.
Bxd1 b6 21. Be2 f5 22. f4 Bd6 23. a4 c5 24. b3 h6 25. h4 Be7 26. g3 Bd6 27. Kb2
1/2-1/2

[Event "XXV Memorial Edoardo Crespi A"]
[Site "Milano ITA"]
[Date "2004.12.04"]
[Round "1"]
[White "Bosi, Clint"]
[Black "Bevilacqua, Maurizio"]
[Result "1/2-1/2"]
[WhiteElo "1990"]
[BlackElo "2165"]
[PlyCount "183"]
[EventDate "2004.12.04"]

1. e4 c5 2. Nf3 e6 3. d4 cxd4 4. Nxd4 a6 5. Nc3 Qc7 6. Be3 Nf6 7. f3 Bb4 8. Qd2
d5 9. Bd3 Nc6 10. exd5 Nxd5 11. Nde2 Nxe3 12. Qxe3 O-O 13. O-O-O Bd6 14. Bxh7+
Kh8 15. Be4 Be5 16. f4 f5 17. fxe5 fxe4 18. Qxe4 Qxe5 19. Qxe5 Nxe5 20. Rhf1
Bd7 21. Nd4 Nc4 22. Rde1 Rxf1 23. Rxf1 e5 24. Nf3 Bc6 25. Re1 Rf8 26. b3 Bxf3
27. gxf3 Rxf3 28. Nd5 Nd6 29. Rxe5 Rf1+ 30. Kb2 Rd1 31. Ne7 Nf7 32. Rh5+ Nh6
33. Nf5 Kh7 34. Nxh6 gxh6 35. Re5 Rd7 36. a4 Kg7 37. b4 Kf6 38. Re3 h5 39. Kb3
Kf5 40. Rd3 Re7 41. h3 h4 42. c3 Kf4 43. c4 Rg7 44. c5 Ke5 45. Kc4 Rf7 46. Rd4
Rh7 47. Rg4 Ke6 48. b5 axb5+ 49. axb5 Kd7 50. Rg5 Rf7 51. Rh5 Rf4+ 52. Kd5 Kc8
53. c6 bxc6+ 54. Kxc6 Rf6+ 55. Kc5 Rf4 56. Kb6 Rf6+ 57. Ka5 Rf4 58. Rh6 Kb7 59.
Rh7+ Kc8 60. Kb6 Rf6+ 61. Ka7 Rf4 62. Rh8+ Kd7 63. Kb7 Kd6 64. b6 Kd7 65. Kb8
Rd4 66. b7 Ra4 67. Rh7+ Kd8 68. Rh5 Re4 69. Rh8+ Kd7 70. Ka7 Ra4+ 71. Kb6 Rb4+
72. Ka7 Ra4+ 73. Kb6 Rb4+ 74. Ka7 Ra4+ 75. Kb8 Re4 76. Rh7+ Kd8 77. Rh5 Rd4 78.
Rc5 Rd3 79. Rc4 Rxh3 80. Rd4+ Ke7 81. Kc7 Rc3+ 82. Kb6 Rb3+ 83. Kc6 h3 84. Rd3
h2 85. Rd7+ Ke6 86. Rh7 Rc3+ 87. Kb6 Rb3+ 88. Kc7 Rc3+ 89. Kb8 Rc2 90. Rh6+ Kd7
91. Rh7+ Kd6 92. Rh6+ 1/2-1/2

[Event "XXV Memorial Edoardo Crespi A"]
[Site "Milano ITA"]
[Date "2004.12.04"]
[Round "1"]
[White "Brigati, Alessandro"]
[Black "Damia, Angelo"]
[Result "0-1"]
[WhiteElo "1915"]
[BlackElo "2118"]
[PlyCount "44"]
[EventDate "2004.12.04"]

1. Nf3 Nf6 2. g3 g6 3. Bg2 d5 4. d3 Bg7 5. Nbd2 Nc6 6. c3 O-O 7. O-O e5 8. Qc2
Bf5 9. e4 dxe4 10. dxe4 Be6 11. b4 Nh5 12. Bb2 f5 13. b5 Na5 14. c4 fxe4 15.
Nxe5 Bxe5 16. Bxe5 Qd3 17. Bxe4 Qxc2 18. Bxc2 Nxc4 19. Nxc4 Bxc4 20. Rfb1 Rae8
21. Bd4 Nf4 22. Bd1 Re1# 0-1

[Event "XXV Memorial Edoardo Crespi A"]
[Site "Milano ITA"]
[Date "2004.12.04"]
[Round "1"]
[White "Brunello, Sabino"]
[Black "Astengo, Marcello"]
[Result "1-0"]
[WhiteElo "2258"]
[BlackElo "2032"]
[PlyCount "117"]
[EventDate "2004.12.04"]

1. e4 e6 2. d4 d5 3. e5 c5 4. c3 Nc6 5. Nf3 Bd7 6. a3 Rc8 7. b4 cxd4 8. cxd4
Nge7 9. Bb2 Nf5 10. Nc3 Nh4 11. Ng1 Be7 12. Qd2 f6 13. exf6 Bxf6 14. Nce2 O-O
15. f4 Qe8 16. g3 Qg6 17. b5 Ne7 18. Nc3 Rxc3 19. Bxc3 Qe4+ 20. Be2 Qxh1 21.
O-O-O Qxh2 22. gxh4 Ng6 23. Nf3 Qxf4 24. h5 Qxd2+ 25. Bxd2 Ne7 26. Bf4 Nf5 27.
Ne5 Be8 28. a4 Bh4 29. Bg4 Bf2 30. Rd2 Bg1 31. Rd1 Nxd4 32. Nd3 Rxf4 33. Nxf4
Be3+ 34. Kb1 Bf7 35. Nd3 Bg5 36. Ne5 Bf6 37. Nxf7 Kxf7 38. Rc1 Be5 39. Rc8 Nb3
40. Ra8 Bd4 41. Rc8 Bb6 42. Kc2 Na5 43. Rc3 e5 44. Bf5 h6 45. Bg6+ Ke6 46. Bh7
e4 47. Rg3 Bd4 48. Kd2 Nc4+ 49. Ke2 Bf6 50. Rg1 Nb2 51. a5 Nd3 52. Rd1 d4 53.
Bxe4 Nf4+ 54. Kf3 Nxh5 55. Bxb7 Be5 56. b6 axb6 57. a6 Bb8 58. Rxd4 Nf6 59. Rd8
1-0

[Event "XXV Memorial Edoardo Crespi A"]
[Site "Milano ITA"]
[Date "2004.12.04"]
[Round "1"]
[White "Canova, Luca"]
[Black "Dragojlovic, Andjelko"]
[Result "1/2-1/2"]
[WhiteElo "2047"]
[BlackElo "2298"]
[PlyCount "129"]
[EventDate "2004.12.04"]

1. e4 c5 2. Nf3 g6 3. Nc3 Bg7 4. d4 cxd4 5. Nxd4 Nc6 6. Be3 Nf6 7. Bc4 O-O 8.
Bb3 a5 9. O-O a4 10. Bc4 a3 11. bxa3 Nxe4 12. Nxe4 d5 13. Bb3 dxe4 14. Nxc6
bxc6 15. Rb1 Qa5 16. Qc1 Be5 17. Bb6 Qxa3 18. Qxa3 Rxa3 19. Bc5 Ra8 20. Bxe7
Re8 21. Bc5 Be6 22. h3 Bxb3 23. axb3 Bc3 24. Rfd1 Ra2 25. Rbc1 h5 26. Bd4 Bb2
27. Bxb2 Rxb2 28. Rd4 e3 29. fxe3 Rxe3 30. Rc4 Re6 31. Ra1 Kg7 32. Kf2 h4 33.
Ra6 Rf6+ 34. Ke2 Re6+ 35. Kd2 Rb1 36. Rxh4 Rg1 37. Rg4 f5 38. Rg5 Kh6 39. h4
Rh1 40. g3 Rh2+ 41. Kd3 Rd6+ 42. Kc3 Rdd2 43. Ra2 Rdg2 44. b4 Rf2 45. Kd3 Rf3+
46. Kd4 f4 47. gxf4 Rxf4+ 48. Kc5 Rhxh4 49. Rg2 Rc4+ 50. Kd6 Rhd4+ 51. Kc7 g5
52. Ra6 Kh5 53. Rxc6 Rxc6+ 54. Kxc6 Rxb4 55. Kd5 Rb2 56. Ke4 g4 57. Kf4 Rb4+
58. Kg3 Rc4 59. Rd2 Rc3+ 60. Kg2 Kh4 61. Re2 Ra3 62. Rd2 Rc3 63. Rf2 Rg3+ 64.
Kh2 Rc3 65. Kg2 1/2-1/2

[Event "XXV Memorial Edoardo Crespi A"]
[Site "Milano ITA"]
[Date "2004.12.04"]
[Round "1"]
[White "Carbone, Lorenzo"]
[Black "Guanciale, Orazio"]
[Result "0-1"]
[WhiteElo "1908"]
[BlackElo "2105"]
[PlyCount "64"]
[EventDate "2004.12.04"]

1. e4 e6 2. Nf3 d5 3. exd5 exd5 4. d4 Bd6 5. Bd3 Bg4 6. Be3 Ne7 7. h3 Bh5 8.
O-O Nbc6 9. a3 Qd7 10. c4 dxc4 11. Bxc4 O-O-O 12. Nc3 f5 13. Re1 Kb8 14. Bg5
Qe8 15. Nb5 Qg6 16. Bxe7 Bxe7 17. d5 Bf6 18. Re6 a6 19. Nxc7 Kxc7 20. Bxa6 Rhe8
21. Rxe8 Qxe8 22. Bxb7 Nd4 23. Qd3 Nxf3+ 24. gxf3 Kxb7 25. a4 Bf7 26. d6 Qc6
27. a5 Rxd6 28. Qxf5 Bd5 29. Qf4 Bxf3 30. a6+ Ka7 31. Qe3+ Bd4 32. Qf4 Rg6+ 0-1

[Event "XXV Memorial Edoardo Crespi A"]
[Site "Milano ITA"]
[Date "2004.12.04"]
[Round "1"]
[White "Cavatorta, Fosco"]
[Black "Valdivia, Rene"]
[Result "0-1"]
[WhiteElo "2031"]
[BlackElo "2252"]
[PlyCount "78"]
[EventDate "2004.12.04"]

1. Nf3 c5 2. e4 Nc6 3. d4 cxd4 4. Nxd4 g6 5. Be3 Bg7 6. Qd2 Nf6 7. f3 O-O 8.
Nc3 d5 9. O-O-O dxe4 10. Nxc6 Qxd2+ 11. Rxd2 bxc6 12. fxe4 Ng4 13. Bf4 e5 14.
Bg5 f6 15. Bc4+ Kh8 16. h3 fxg5 17. hxg4 Bxg4 18. Rd6 Rf6 19. Rxf6 Bxf6 20. Rf1
Kg7 21. Na4 Rd8 22. c3 Rd6 23. Nc5 h5 24. b4 h4 25. Nb7 Rd7 26. Nc5 Re7 27. Rh1
Bc8 28. Kd2 g4 29. Ke2 Re8 30. Rd1 g3 31. Rd6 Bg4+ 32. Kf1 Bg5 33. Ne6+ Kh6 34.
Nxg5 Kxg5 35. Rxc6 Rf8+ 36. Kg1 Rf2 37. Ra6 Rc2 38. Bf1 Rc1 39. Rd6 Be2 0-1